Viaje a través de la arquitectura / (Record no. 186936)

MARC details
000 -LEADER
campo de control de longitud fija 00823nam a2200229 i 4500
001 - NÚMERO DE CONTROL
campo de control 186936
003 - IDENTIFICADOR DE NÚMERO DE CONTROL
campo de control ES-MaACL
005 - FECHA Y HORA DE LA ÚLTIMA TRANSACCIÓN
campo de control 20250927162922.0
008 - DATOS DE LONGITUD FIJA--INFORMACIÓN GENERAL
campo de control de longitud fija 170303s1971 sp ao |||| | spa d
080 ## - NÚMERO DE LA CLASIFICACIÓN DECIMAL UNIVERSAL
Número de la Clasificación Decimal Universal 72
100 1# - ENTRADA PRINCIPAL--NOMBRE DE PERSONA
Nombre de persona Bardi, P. M.
9 (RLIN) 150537
245 10 - MENCIÓN DEL TÍTULO
Título Viaje a través de la arquitectura /
Mención de responsabilidad, etc. P. M. Bardi ; [traducción de Esteban Riambau].
260 ## - PUBLICACIÓN, DISTRIBUCIÓN, ETC.
Lugar de publicación, distribución, etc. Barcelona :
Nombre del editor, distribuidor, etc. Noguer,
Fecha de publicación, distribución, etc. [1971]
300 ## - DESCRIPCIÓN FÍSICA
Extensión 127 p. :
Otras características físicas il. col. y n., fot. ;
Dimensiones 26 cm.
490 1# - MENCIÓN DE SERIE
Mención de serie International library. Biblioteca de divulgación ;
Designación de volumen o secuencia 10
500 ## - NOTA GENERAL
Nota general Índice onomástico.
650 04 - PUNTO DE ACCESO ADICIONAL DE MATERIA--TÉRMINO DE MATERIA
Término de materia o nombre geográfico como elemento de entrada Arquitectura-
Subdivisión de forma Historia
9 (RLIN) 9995
700 1# - ENTRADA AGREGADA--NOMBRE PERSONAL
Nombre de persona Riambau, Esteve,
Fechas asociadas al nombre 1925-1994
9 (RLIN) 156353
830 0# - PUNTO DE ACCESO ADICIONAL DE SERIE-TÍTULO UNIFORME
Título uniforme International library. Biblioteca de divulgación ;
Designación de volumen o secuencia 10
9 (RLIN) 192697
852 ## - LOCALIZACIÓN
Ubicación ES-MaACL
Número de control de estantería L-31179
Nota libre - enc. cart.
Holdings
Estatus retirado Estado de pérdida Estado de daño No para préstamo Biblioteca de origen Biblioteca actual Ubicación en estantería Fecha de adquisición Fuente de adquisición Total de préstamos Signatura topográfica completa Código de barras Visto por última vez Precio de reemplazo Tipo de ítem Koha
        Biblioteca del Ateneo de Madrid Biblioteca del Ateneo de Madrid Depósito 2 03/03/2017     L-31179 1197181 23/02/2023 23/02/2023 Libro impreso